Countries with 9 letters - Statistics

General Stats
  • This quiz has been taken 1,323 times
    1,246 since last reset
  • The average score is 8 of 15
Answer Stats
Hint Answer % Correct
South America Argentina
90%
Oceania Australia
86%
South America Venezuela
77%
North America Guatemala
75%
North America Nicaragua
73%
North America Costa Rica
64%
Asia Indonesia
62%
Europe Lithuania
56%
Europe Macedonia
44%
Africa Mauritius
41%
Europe San Marino
40%
Asia Singapore
37%
Africa Cape Verde
28%
Asia East Timor
25%
Africa Swaziland
23%
No matching quizzes found
Score Distribution
Percent of People with Each Score
Percentile by Number Answered
Your Score History
You have not taken this quiz since the last reset